000 00630nam a2200253Ia 4500
005 20260306154708.0
008 008 260114s9999 xx 000 0 eng d
020 _a9781139164221
037 _aEBOOK
040 _aCRL
040 _beng
040 _cCRL
041 _2eng
041 _aeng
084 _qCRL
100 _aBruno/Blackwell/Lucca/Ingegno
_91128020
245 0 _aGiordano Bruno: Cause, Principle and Unity
260 _bCambridge University Press
260 _c2012
650 _a Philosophy
856 _uhttps://doi.org/10.1017/CBO9781139164221
942 _cEBOOK
999 _c1708591
_d1708591